[Event "FRA Top 16 Higher Pool U16"]
[Site "France"]
[Date "2022.06.05"]
[Round "3.5"]
[White "Mimoune, Kenzi"]
[Black "Khoury, Theo"]
[Result "1-0"]
[WhiteElo "1634"]
[BlackElo "1891"]
[PlyCount "63"]
[EventDate "2022.06.04"]
[EventType "tourn"]
[EventRounds "4"]
[EventCountry "FRA"]
[SourceTitle "EXT 2023"]
[Source "ChessBase"]
[SourceDate "2022.10.05"]
[SourceVersion "1"]
[SourceVersionDate "2022.10.05"]
[SourceQuality "1"]

1. e4 c5 2. Nf3 d6 3. d4 cxd4 4. Nxd4 Nf6 5. Nc3 a6 6. Be2 e5 7. Nb3 Be7 8. Be3 Be6 9. Nd5 Bxd5 10. exd5 b5 11. a4 b4 12. a5 Nbd7 13. Ra4 Qb8 14. Qd2 Qb7 15. Bc4 Rb8 16. 0-0 0-0 17. Rd1 Nc5 18. Bxc5 dxc5 19. Qe2 Ra8 20. d6 Bd8 21. Qxe5 Qc6 22. Raa1 Re8 23. Qxc5 Qxc5 24. Nxc5 Rc8 25. d7 Nxd7 26. Rxd7 Be7 27. Re1 Kf8 28. Re5 b3 29. cxb3 Rxc5 30. Rxc5 Bxc5 31. Rxf7+ Kg8 32. Rf5+ 1-0

[Event "Montigny le Bretonneux op 19th"]
[Site "Montigny le Bretonneux"]
[Date "2021.10.27"]
[Round "5"]
[White "Aidan, David"]
[Black "Mimoune, Kenzi"]
[Result "0-1"]
[WhiteElo "1399"]
[BlackElo "1588"]
[PlyCount "80"]
[EventDate "2021.10.23"]
[EventType "swiss"]
[EventRounds "7"]
[EventCountry "FRA"]
[SourceTitle "CBM 204 Extra"]
[Source "ChessBase"]
[SourceDate "2021.11.30"]
[SourceVersion "1"]
[SourceVersionDate "2021.11.30"]
[SourceQuality "1"]

1. e4 c5 2. Nf3 d6 3. c3 Nf6 4. Bd3 e5 5. Bc2 Bg4 6. h3 Bh5 7. g4 Bg6 8. Qe2 Nc6 9. d3 Be7 10. Be3 Qb6 11. Bb3 a5 12. Ba4 0-0 13. Na3 d5 14. exd5 Nxd5 15. Nc4 Qc7 16. Rd1 Rab8 17. Bxc6 bxc6 18. Ncxe5 Bd6 19. Nxg6 fxg6 20. Kf1 Qf7 21. Ng5 Qe7 22. Ne4 Rbe8 23. Re1 c4 24. dxc4 Qxe4 25. Kg1 Nf4 26. Bxf4 Qxf4 27. Qf1 Bc5 28. Rh2 Rxe1 29. Qxe1 Qxc4 30. b3 Qf7 31. c4 Re8 32. Qd2 Bb4 33. Qd3 Re1+ 34. Kg2 Bc5 35. Qd2 Qe7 36. Qd3 Qe4+ 37. Qf3 Rg1+ 38. Kxg1 Qxf3 39. Kf1 Kf7 40. Rg2 Qd1# 0-1